000 01524nam a22003015i 4500
001 155822
003 ES-MaACL
005 20230906210218.0
008 830928s1795 sp a |||| | spa d
040 _aCAT
_bspa
_cCAT
_dCCPB
043 _ae-sp
080 4 _a616.9(464Alcarria)"17"
100 1 _aIbáñez, Félix.
_9128148
245 1 0 _aTopografia hipocratica, ó Descripcion de la epidemia de calenturas tercianas intermitentes malignas, continuo-remitentes perniciosas complicadas que se han padecido en la provincia de la Alcarria desde el año de 1784 hasta el de 1790 y 1791 y siguientes ..
_b: escribese á favor de la salud publica ... /
_cpor el doctor don Felix Ibañez...
260 _aEn Madrid :
_ben la imprenta de Ramon Ruiz,
_c1795.
300 _a[8], XXXVIII, 216, [2] p. ;
_c4º (21 cm)
510 4 _aPalau 117.406
597 _aSign.: *\p4\s, A-2I\p4\s.
597 _a38 líneas, caja 167 x 109 mm.
597 _aCapitales adornadas.
597 _aNotas a pie de p. y reclamos.
597 _aLas últimas p. en bl.
650 4 _aEnfermedades de transmisión-
_zAlcarria-
_yS. XVIII.
_9135984
700 1 _aRuíz, Ramón
_c, imp.
_9132214
740 0 _aDescripcion de la epidemia de calenturas tercianas intermitentes malignas, continuo-remitentes perniciosas complicadas que se han padecido en la provincia de la Alcarria desde el año de 1784 hasta el de 1790 y 1791 y siguientes ...
752 _aEspaña -
_dMadrid
852 _aES-MaACL
_jR-1382
_z-- Enc. perg.
_x Olim: G-15512
999 _c155822
_d155822